Detalles MARC
| 000 -ENCABEZADO |
| Número de control [NR] |
02919nam a2200313Ma 4500 |
| 005 - FECHA Y HORA DE LA ÚLTIMA TRANSACCIÓN |
| control field |
20140903175121.0 |
| 008 - DE LONGITUD FIJA DE DATOS DE ELEMENTOS - INFORMACIÓN GENERAL |
| Elementos de longitud fija [NR] |
021025s1635 fr fr 001 0 latsd |
| 035 ## - NUMERO DE CONTROL DEL SISTEMA [R] |
| Número de control del sistema [NR] |
(OCoLC)804371746 |
| 040 ## - FUENTE DE CATALOGACION [NR] |
| Agencia de catalogación original [NR] |
Es-BaCBU |
| Idioma de catalogación [NR] |
spa |
| Quien Cataloga |
Sandra Yazo |
| Quien Clasifica |
Sandra Yazo |
| 041 0# - CODIGO DE IDIOMA [R] |
| Código de idioma para texto/pista de sonido o título separado [R] |
Latín |
| 082 04 - NUMERO DE CLASIFICACION DECIMAL DEWEY [R] |
| Número de la edición [NR] |
20 |
| Número de clasificación [R] |
291.2 |
| 092 ## - SIGNATURA TOPOGRAFICA LOCAL |
| Número de clasificación local |
E29N048 |
| 100 1# - ASIENTO PRINCIPAL--NOMBRE PERSONAL [NR] |
| Nombre personal [NR] |
Suárez, Francisco, |
| ID Autoridad |
61523 |
| 242 00 - TRADUCCION DEL TITULO POR LA AGENCIA CATALOGADORA [R] |
| Título [NR] |
Sobre la Parte Segunda de la Suma Teológica. |
| Parte restante del título [NR] |
Tomo segundo |
| Mención de responsabilidad, etc. [NR] |
Francisco Suárez |
| Nombre de la parte o sección [R] |
Tratado III. Sobre el alma. Completado con un abundante índice de conceptos y de términos. |
| Código de idioma del título traducido [NR] |
spa |
| 245 10 - MENCION DE TITULO [NR] |
| Mención de responsabilidad, etc. [NR] |
Doctoris Francisci Suarez ... |
| Título [NR] |
Partis Secundae summae Theologiae. |
| Parte restante del título [NR] |
Tomus Alter. Complectens Tractatum secundum De Opere sex dierum |
| Nombre de la parte/sección de la obra [R] |
Tractatus tertius. De Anima. Accurato rerum et verborum índice locupletatus. |
| 250 ## - MENCION DE EDICION [NR] |
| Mención de edición [NR] |
Editio secunda [Segunda edición] |
| 260 ## - PUBLICACION, DISTRIBUCION, ETC. (PIE DE IMPRENTA) [R] |
| Lugar de publicación, distribución, etc. [R] |
Lugduni [Lyon] (Francia) |
| Nombre del editor, distribuidor, etc. [R] |
sumpt. Gabrielis Boissat & sociorum [A expensas de Gabriel Boissat y Compañía] |
| Fecha de publicación, distribución, etc. [R] |
1635. |
| 300 ## - DESCRIPCION FISICA [R] |
| Extensión [R] |
2 tomos en 1 volumen. ([8], 310, [14] ; [4], 237, [14] páginas) |
| Dimensiones [R] |
35 x 23 cm. |
| 500 ## - NOTA GENERAL [R] |
| Nota general [NR] |
Detalles físicos: Incluye dos tomos en el volumen. Encuadernación rígida en cartón duro forrado en cuero, lomo con nervaduras sobre costuras y adornos en dorado. Rotura en el lomo. Guardas. Portada impresa en dos tintas con un marco decorativo de página entera. La segunda portada impresa en dos tintas con un grabado. Dedicatoria al P. Muzio Viteleschi. Palabras del jesuita Baltasar Álvarez a los lectores. Licencias y permisos. Privilegio del Rey de Francia (París, 1620). Adornos, cenefas, remates. Texto bien impreso en dos columnas, párrafos numerados y marcados con letras mayúsculas. Apostillas marginales y mayúsculas capitales. Signaturas y reclamos. Cortes pintados. |
| 505 ## - NOTA DE CONTENIDO CON FORMATO PREESTABLECIDO [R] |
| Nota de contenido con formato preestablecido [NR] |
V.2-3: Tratado sobre la creación: Del Universo, en cuando hecho por una verdadera y propia creación de Dios ; Acerca de lo creado en cada uno de los seis días y del descanso en el día séptimo ; La creación del ser humano y el estado de inocencia ; La pérdida del estado de inocencia: el pecado de los primeros padres ; El estado que tendrían los hombres, en su vida terrenal, si los primeros padres no hubiesen pecado -- Tratado sobre el alma: La sustancia, esencia e información del alma racional ; Las potencias del alma en general, incluyendo la vida vegetativa ; Las potencias cognoscitivas y sensoriales ; La potencia intelectiva ; La potencia para desear (appetendi) y para cambiar de lugar ; La condición y el “estado” (status) del alma separada del cuerpo. |
| 506 ## - NOTA DE RESTRICCIONES DE ACCESO [R] |
| Condiciones de acceso [NR] |
Consulta en sala. |
| 546 ## - NOTA DE IDIOMA [R] |
| Nota de idioma [NR] |
Texto en latín. |
| 650 #7 - ASIENTO SECUNDARIO DE MATERIA - TERMINO TEMATICO [R] |
| Término temático o nombre geográfico como elemento de entrada [NR] |
Creación del universo |
| Subdivisión general [R] |
Teología |
| 9 (RLIN) |
12085 |
| 650 #7 - ASIENTO SECUNDARIO DE MATERIA - TERMINO TEMATICO [R] |
| Término temático o nombre geográfico como elemento de entrada [NR] |
Teologia dogmàtica. |
| Subdivisión general [R] |
Obras anteriores a 1800. |
| 9 (RLIN) |
61524 |
| 690 ## - ASUNTO AGREGADO LOCAL DE ENTRADA - TÉRMINO TEMÁTICO (OCLC, RLIN) |
| 9 (RLIN) |
42916 |
| Acceso temático local |
Teología |
| 700 1# - ASIENTO SECUNDARIO - NOMBRE PERSONAL [R] |
| Nombre personal [NR] |
Boissat, Gabriel, |
| 9 (RLIN) |
61525 |
| 942 ## - ELEMENTOS DE ENTRADA AGREGADOS (KOHA) |
| Tipo de ítem principal el descrito en 300a |
Libro |
| Edición |
1 |
| Sistema de clasificación |
DEWEY |
| Clasificación |
291.2 |
| 948 ## - PROCESAMIENTO DE INFORMACIÓN LOCAL (OCLC), INDICADOR DE LA SERIE PARTE (RLIN) |
| h (OCLC) |
NO HOLDINGS IN COUDR - 1 OTHER HOLDINGS |